World's Most Popular Short Stories (Record no. 11541)

MARC details
000 -LEADER
fixed length control field 00464nam a22001937a 4500
003 - CONTROL NUMBER IDENTIFIER
control field OSt
008 - FIXED-LENGTH DATA ELEMENTS--GENERAL INFORMATION
fixed length control field 220920b ||||| |||| 00| 0 eng d
020 ## - INTERNATIONAL STANDARD BOOK NUMBER
International Standard Book Number 9789387022867
082 ## - DEWEY DECIMAL CLASSIFICATION NUMBER
Classification number 843.8 RNW
100 ## - MAIN ENTRY--PERSONAL NAME
Personal name MAUPASSANT, Guy de
245 ## - TITLE STATEMENT
Title World's Most Popular Short Stories
250 ## - EDITION STATEMENT
Edition statement Sristi Pub
260 ## - PUBLICATION, DISTRIBUTION, ETC. (IMPRINT)
Place of publication, distribution, etc New Delhi
Name of publisher, distributor, etc Srishti Pub
Date of publication, distribution, etc 2020
300 ## - PHYSICAL DESCRIPTION
Extent 269
650 ## - SUBJECT ADDED ENTRY--TOPICAL TERM
Topical term or geographic name as entry element Applied Sc.
700 ## - ADDED ENTRY--PERSONAL NAME
Personal name CHEKHOV,Anton
700 ## - ADDED ENTRY--PERSONAL NAME
Personal name O'HENRY
942 ## - ADDED ENTRY ELEMENTS (KOHA)
Source of classification or shelving scheme Dewey Decimal Classification
Koha item type Text Books
Holdings
Withdrawn status Lost status Source of classification or shelving scheme Damaged status Not for loan Collection code Home library Current library Date acquired Source of acquisition Currency Cost, normal purchase price Bill Number Total Checkouts Full call number Acc. no. / Barcode Checked out Date last seen Date last borrowed Actual Cost, discounted price Bill Date Koha item type Public note
    Dewey Decimal Classification     GENERAL PIET C-LIBRARY PIET C-LIBRARY 05/09/2022 Kirti Praskshan IN Rupees 295.00 IN926 7 843.8 RNW 34086 24/11/2025 08/05/2025 08/05/2025 236.00 05/09/2022 Text Books Stories
    Dewey Decimal Classification     GENERAL PIET C-LIBRARY PIET C-LIBRARY 05/09/2022 Kirti Praskshan IN Rupees 295.00 IN926 3 843.8 RNW 34087   08/04/2026 23/03/2026 236.00 05/09/2022 Text Books Stories
    Dewey Decimal Classification     GENERAL PIET C-LIBRARY PIET C-LIBRARY 05/09/2022 Kirti Praskshan IN Rupees 295.00 IN926 3 843.8 RNW 34088   07/08/2024 26/07/2024 236.00 05/09/2022 Text Books Stories

Design & Developed by: PIET Central Library
R70 Miles Stone Pattikalyana Samalkha Panipat 132102
mail ID :- [email protected], Phone No:- 0180-2569700 Ex.216